00528nam a22001697a 450000500170000000800410001702000180005804000210007604100080009708200160010510000250012124501140014625000170026026000430027730000100032065000280033020240927074845.0240927b |||||||| |||| 00| 0 eng d a9789355015044 aIN-DiNCcIN-DiNC deng a954.03bSHU aShukla, Ajayeauthor aThe making of modern India (from 1498 to the modern times):bUPSC civil services examination/cby Ajay Shukla a1st ed. rep. aNew Delhi:bS chand publishing,c2023. a438p. aHistory of modern India